Voces de la filosofía francesa contemporánea

Guardat en:
Dades bibliogràfiques
Autor principal: Abensour, Miguel (Autor)
Format: Llibre
Idioma:espanyol
Publicat: Buenos Aires Ediciones Colihue 2005
Matèries:
Etiquetes: Afegir etiqueta
Sense etiquetes, Sigues el primer a etiquetar aquest registre!

MARC

LEADER 00000cam a2200000 a 4500
001 UCF2897
003 CL-VaPUC
008 120910e20050000AG |||||||||||||||||spa|d
020 |a 9505818858 
082 0 4 |a 194  |b ABE  |2 21 
100 0 |a Abensour, Miguel  |e author  |9 564728 
245 1 0 |a Voces de la filosofía francesa contemporánea 
300 |a 176 p 
942 |c BK 
945 |d 20120910 00:00:00  |a dcastane 
260 |a Buenos Aires  |b Ediciones Colihue  |c 2005 
650 0 |a Filosofía francesa   |9 255698 
650 0 |a Filosofía contemporánea  |9 265372 
583 |a last modification  |c 20120914 12:07:33  |k Rodrigo Vera 
999 |c 349435  |d 349433 
952 |0 0  |1 0  |4 0  |6 194_000000000000000_ABE_2005  |7 0  |8 A  |9 452050  |a BIBEDU  |b BIBEDU  |d 2019-11-22  |i 4902181  |o 194 ABE 2005  |p 4902181  |r 2019-11-22  |w 2019-11-22  |y BK  |k FIL